000 00920nam a22001937a 4500
999 _c63028
_d63028
003 Ge_BSU
005 20250513130358.0
008 250513s1962 ge ||||| |||| 00| 0 geo d
041 _ageo
080 _a94(479.223)"19" : 631.115.6(479.223)(09) ბ-31
100 _aბაუჟაძე, ა.
_925031
245 _aაჭარის მშრომელთა ბრძოლა საკოლმეურნეო წყობილების გამარჯვებისათვის /
_c ა. ბაუჟაძე.
264 _aბათუმი :
_b [აჭარის] სახელგამი,
_c1962.
300 _a244 გვ. ;
_b23 სმ.
504 _a ბიბლიოგრ: გვ. 234-242.
653 _aაჭარის ისტორია
653 _aსაკოლმეურნეო წყობილება აჭარაში.
942 _2udc
_cᲬᲘᲒᲜᲘ